| 000 | 00403nam a2200145 i 4500 | ||
|---|---|---|---|
| 001 | 87659 | ||
| 003 | ES-MaACL | ||
| 005 | 20230906175721.0 | ||
| 007 | t| | ||
| 008 | 041222s1920 it ||||1| ita d | ||
| 100 | 1 |
_aKun, Bela. _969020 |
|
| 245 | 1 | 3 |
_aLa classe operaia ungherese sotto il terrore bianco / _cBela Kun. |
| 260 |
_aMilano : _bSocietá editrice Avanti, _c1920. |
||
| 852 |
_aES-MaACL _j1620-F-4 |
||
| 999 |
_c87659 _d87659 |
||